Fundamentals of biochemistry with laboratory experiments
Saved in:
| Main Authors: | , |
|---|---|
| Format: | Bog |
| Sprog: | engelsk |
| Udgivet: |
Nueva York
McGraw-Hill
1938
|
| Serier: | International Chemical Series
|
| Fag: | |
| Tags: |
Tilføj Tag
Ingen Tags, Vær først til at tagge denne postø!
|
MARC
| LEADER | 00000nam a2200000 a 4500 | ||
|---|---|---|---|
| 001 | UCT2176 | ||
| 003 | CL-VaPUC | ||
| 008 | 961011e19380000US |||||||||||||||||eng|d | ||
| 082 | 0 | 4 | |a 572 |b SCH |2 21 |
| 100 | 0 | |a Schmidt, Carl L |e author |9 371235 | |
| 700 | 0 | |a Allen, Frank Worthington |e author |9 371236 | |
| 245 | 1 | 0 | |a Fundamentals of biochemistry with laboratory experiments |
| 300 | |a 375 p | ||
| 942 | |c BK | ||
| 945 | |d 19961011 00:00:00 |a cmena | ||
| 260 | |a Nueva York |b McGraw-Hill |c 1938 | ||
| 650 | 0 | |a Bioquímica |9 259492 | |
| 650 | 0 | |a Ciencias físicas y naturales |9 360507 | |
| 650 | 7 | |a PRODUCTOS QUIMICOS ORGANICOS |2 CL-VaPUC |9 344420 | |
| 650 | 0 | |a Enzimas |9 262984 | |
| 650 | 0 | |a Metabolismo |9 259893 | |
| 650 | 0 | |a Vitaminas |9 343802 | |
| 650 | 0 | |a Endocrinología |9 335883 | |
| 650 | 7 | |a PROTEINAS |2 CL-VaPUC |9 371237 | |
| 583 | |a last modification |c 19961011 00:00:00 |k Rodrigo Vera | ||
| 490 | 0 | |a International Chemical Series | |
| 999 | |c 252405 |d 252403 | ||
| 952 | |0 0 |1 0 |4 0 |6 572_000000000000000_SCH_1938 |7 0 |8 A |9 272257 |a BIBCUR |b BIBCUR |d 2019-11-19 |i 1758691 |o 572 SCH 1938 |p 1758691 |r 2025-04-22 |w 2019-11-19 |y BK |k BCB | ||